000 00581nam a2200229Ia 4500
003 OSt
005 20221005123301.0
006 a|||||r|||| 00| 0
007 ta
008 221004b |||||||| |||| 00| 0 kan d
024 _a60064
037 _cTextual
040 _aCRL
_cCRL
_bkan
041 _2kan
_akan
082 _aO33,1N041:g, J2
100 _aChenabasappa K Ed.
_9633465
245 0 _aKuvenpu sandarshana
260 _c1952
650 _aKANNAD POETRY
942 _hO33,1N041:g, J2
_cTEXL
_2cc
999 _c1046928
_d1046928